000 00643nam a2200241 i 4500
001 bgj
100 1 _aSCHU, Josef.
245 1 0 _aKinder als Erzähler - Erwachsene als Zuhörer /
_cJosef Schu.
260 _aFrankfurt am Main :
_bPeter Lang,
_c1994.
300 _a311 s. ;
_c21 cm.
490 1 _aSprache in der Gesellschaft
_vBd. 21
504 _aBibliogr. s. 301-311.
650 9 _aJęzykoznawstwo
830 _aSprache in der Gesellschaft
020 _a3631460260
040 _cBPK
041 0 _ager
044 _aDEU
080 _a81'1
920 _a3-631-46026-0
942 _cKS
008 s gw f |000 0 ger
999 _c50677
_d50677